Tilastot visalle N:llä alkavat valtiot

Klikkaa tästä pelataksesi tätä visaa!

Yleistilastot

  • Tätä visaa on pelattu 1 301 kertaa
  • Keskiarvotulos 6 / 8

Vastaustilastot

Valtio% Oikein
Niger
91%
Namibia
88%
Nigeria
88%
Norja
84%
Nauru
76%
Nepal
76%
Nicaragua
68%
Norsunluurannikko
58%

Tulosjakauma

Persentiili vastausten määrän mukaan

Jokaisen tuloksen saaneiden osuus

Tuloshistoriasi

Et ole pelannut tätä visaa